000 00990nam a22003017a 4500
001 8057
003 FISKH
005 20250820085059.0
008 250820b cb ||||| |||| 00| 0 eng d
020 _a0865500061
040 _aFISKH
_beng
_cFISKH
_dFISKH
050 _aTL670.L46
082 _a629.133
100 _aLenga, Rosalind
245 _aThe amazinf fact book of planes /
_cby Rosalind Lenga : Illustrated by Roy Coombs
250 _aFirst published in USA by A&P Book 1980
260 _aMankato :
_bA & P/ Creative Education ,
_c1979.
300 _a32 pages :
_bcolor illustrations ;
_c24 cm .
505 _aM
520 _aPictures and text describe twenty-four planes from 1870 to the present, including the world's largest aircraft.
521 8 _a550
_bLexile estimate
521 8 _aM
_bRaz-Plus
650 _aFlight
_vNon-fiction
650 _aPlanes
_vNon-fiction
700 _aCoombs, Roy
_eIllustrator
942 _2ddc
_cBK
_n0
999 _c8057
_d8057